Blue Hair- TV Girl - Statistics

General Stats
  • This quiz has been taken 235 times
  • The average score is 121 of 157
Answer Stats
Answer % Correct
blue
98%
hair
98%
a
96%
cut
95%
her
95%
Her
95%
I
95%
be
94%
off
94%
She
94%
she
94%
no
93%
the
93%
to
90%
not
89%
you
89%
And
87%
was
87%
But
86%
nothing
85%
could
84%
so
83%
So
83%
there
83%
in
81%
as
80%
me
80%
beautiful
79%
can
79%
cutting
79%
do
79%
from
79%
if
79%
If
79%
really
79%
stop
79%
that
79%
asked
77%
it
77%
It
77%
over
76%
something
76%
cried
75%
how
75%
teach
75%
tried
75%
funny
74%
guess
73%
pretty
72%
that's
72%
hold
71%
it's
71%
just
69%
blonde
67%
clear
67%
dumb
67%
girl's
67%
I'll
67%
last
67%
Last
67%
night
67%
get
66%
always
65%
miss
65%
Even
64%
even
64%
eyes
64%
fraud
63%
gone
63%
green
63%
she's
63%
their
63%
There's
63%
who
63%
you'll
63%
didn't
62%
though
62%
isn't
61%
older
61%
sunlight
61%
getting
60%
pale
60%
are
59%
Ever
59%
long
59%
since
58%
age
57%
boy
57%
different
57%
his
56%
things
56%
Well,
56%
What
56%
winning
56%
With
56%
gotta
53%
heard
53%
acts
52%
living
52%
away
51%
candy
51%
like
51%
seemed
50%
By
49%
cotton
49%
looked
48%
quick
48%
licked
44%
No matching quizzes found
Score Distribution
Percent of People with Each Score
Percentile by Number Answered
Your Score History
You have not taken this quiz